000 00811cab a2200301 4500
001 WB3231-96
008 090401t1996 xxu||||| |||| 00| 0 eng d
035 _a(Sirsi) u69982
041 _aeng
245 _aUK land values still low
260 _c1996
350 _a0
490 _aFinancial Times
_v7 August 1996, 25(1)
520 _aAgricultural land prices in the UK are still amongst the cheapest in Europe, according to a survey by Knight Frank Research. Comparative table.
650 _aARGENTINA
650 _aAUSTRALIA
650 _aCANADA
650 _aEUROPE
650 _aFARMLAND
650 _aJAPAN
650 _aKNIGHT FRANK
650 _aLAND PRICES
650 _aNEW ZEALAND
650 _aUNITED STATES
690 _aRURAL PRACTICE
942 _n0
948 _c04/03/1997
999 _c44020
_d44020